| 000 | 00997nam a2200301 c 4500 | ||
|---|---|---|---|
| 003 | BLK | ||
| 005 | 20240314173834.0 | ||
| 008 | 180408b bul|||||r ||||||| ||bul|| | ||
| 010 | _aKNG00046024000 | ||
| 020 |
_a5-85050-229-7 _bиздат.: Слово |
||
| 040 | _aBLK | ||
| 041 |
_aRUS _cRUS |
||
| 080 |
_aСредства на водния транспорт. Плавателни съдове. Корабостроене _b629.12 _x _z629.12 |
||
| 100 | 1 |
_aКлудас, Арнольд _eпърви автор _979847 |
|
| 139 |
_aКлудас, Арнольд _bК 66 |
||
| 245 | 1 | 0 |
_aКорабли _cАрнольд Клудас. |
| 257 | _aDEU | ||
| 260 |
_аМосква _bСлово _c1998 |
||
| 300 |
_a48 с _bил. _c28 см |
||
| 380 | _aDN | ||
| 490 | 1 | _aЧто есть что | |
| 852 | _aЦб ІІ 10407 | ||
| 856 | 4 |
_qpdf _u |
|
| 856 | 4 |
_qpdf _u |
|
| 942 |
_cKNG _n0 _04 |
||
| 944 |
_aCR _c01.01.1999 _k30542 _lРусанова Ирена |
||
| 944 |
_aED _c26.02.2018 _kГеновева_Генчева |
||
| 999 |
_c42361 _d42361 |
||